000 00825nam a2200277 i 4500
001 000034546
003 DO-SdBNP
005 20260321073642.0
007 ta
008 091204s1984 dr 000 f spa d
040 _aDO-SdBNP
_bspa
_cBNPHU
_erda
082 4 _aRD863.44
_bB742m, 1984
_222
100 1 _a Bosch, Juan,
_d1909-2001
_eautor
_976555
245 1 3 _aLa mañosa :
_bnovela /
_cJuan Bosch.
250 _a12a. ed.
264 _aSanto Domingo :
_bAlfa y Omega,
_c1984.
300 _a220 páginas ;
_c22 cm.
336 _2rdacontent
_atexto
_btxt
337 _2rdamedia
_asin mediación
_bn
338 _2rdacarrier
_avolumen
_bnc
590 _aInventariado, 2020 / DG
650 0 _aNovela dominicana
_9223
650 0 _aLiteratura dominicana.
_967
910 _aValidado. Control de calidad MFF
942 _2ddc
_cLBS1
999 _c34037
_d34037